00665cam a22002411 4500001001300000003000400013005001700017008004100034010001700075035002000092040001800112042001200130043001200142050002000154100001700174245005100191260004100242300004400283650002400327650002800351650002700379999001700406sa 64002317 DLC20260227112009.0890108s1961 io 000 0 dut  asa 64002317  a(OCoLC)23404493 aDLCcMiUdDLC apremarc aa-io---00aHF5382.5.I5bB61 aBonar, S. K.10aBeribu matjam pekerdjaan terbuka bagi saudara. aDjakarta,bC. V. Ensiklopedi,c1961. a132 p.b(p. 132 advertisements)c21 cm. 0aVocational guidance 0aOccupationszIndonesia. 0aIndustrieszIndonesia. c57279d57279